| 000 | 02196nam a2200241Ia 4500 | ||
|---|---|---|---|
| 003 | Ost | ||
| 005 | 20260507075422.0 | ||
| 008 | 260507s9999||||xx |||||||||||||| ||und|| | ||
| 020 | _a9789957069780 | ||
| 040 | _cfsecg | ||
| 041 | _aara | ||
| 082 | _a330 | ||
| 100 |
_aنصيراتا، فريد توفيق _eمؤلف |
||
| 245 | 0 |
_aإدارة المستشفيات / _c فريد توفيق نصيراتا |
|
| 260 |
_aعمان: _bدار المسيرة للنشر والتوزيع, _c2014 |
||
| 300 |
_a435 صفحة؛ _bإيضاحات ؛ _c25 سم |
||
| 504 | _aالمراجع ص.431 | ||
| 520 | _aيضم تاريخ المستشفيات وتطورها، الإدارة الصحية أهميتها،مفهومها،وخصوصيتها والمضامين المترتبة، المستشفى كجزء من النظام الصحي ودوره ووظائفه، نظام المستشفى ومكوناته نظرة تحليلية، المستشفى والقانون والأخلاقيات، التخطيط لخدمات وبرامج المستشفى، التخطيط الاستراتيجي للمستشفيات والاستراتيجيات الناجحة التطبيق، خطة الموازنة السنوية للمستشفى، إحصائيات المستشفى والمؤشرات الاستشفائية ودورها في إدارة المستشفى، تصميم الهيكل والتنظيم الداخلي للمستشفى، مدير المستشفى واجباته ودوره ومسؤولياته، تنظيم مجلس الإدارة، إدارة وتنظيم الهيئة الطبية، إدارة وتنظيم خدمات المستشفى، استعمالية الخدمات الصحية والإستشفائية، إدارة تكلفة الخدمة الاستشفائية، ضبط العدوى في المستشفيات، إدارة جودة الرعاية الطبية والجودة الشاملة في المستشفيات، معايير ومقاييس تقييم الأداء الكلي للمستشفى وإدارته. | ||
| 653 | _aإدارة المؤسسات | ||
| 653 | _aالمستشفيات- إدارة | ||
| 653 | _aتقييم الإداء- مستشفيات | ||
| 942 | _cكتاب | ||
| 999 |
_c44469 _d44469 |
||